000 00424nam a2200181Ia 4500
001 20890
005 20260306172839.0
008 260306t2011||||xx |||||||||||||| ||spa||
041 _aESP
082 _a343.8
_bO73
100 _aOrtega SalavarrĂ­a, Rosa
_eAUT
245 0 _aManual tributario 2011
260 _c2011
300 _a476 páginas :
_c25 cm.
650 _aGEN
654 _aCCO
942 _cLIB
_dJUS
_fJUS
_2ddc
_n
999 _c20890
_d20890